International Technology Transfer in Times of Covid-19 Pandemic

Výzvy medzinárodného transferu technológií počas pandémie COVID-19 v rokoch 2020-2021. COVID-19 a jeho vplyv na svetovú ekonomiku. Úloha medzinárodného transferu technológií v boji proti pandémii COVID-19. Vzdanie sa duševného vlastníctva a riadený transfer technológií ako kľúč rýchlejšej globálnej...

Descrizione completa

Salvato in:
Dettagli Bibliografici
Autore principale: Jain, Neha, 1985-
Natura: Capitolo di libro
Lingua:inglese
Soggetti:
Tags: Aggiungi Tag
Nessun Tag, puoi essere il primo ad aggiungerne!!

MARC

LEADER 00000naa$a2200000$$$4500
001 0281437
005 20240502074400.5
041 0 |a eng 
044 |a SK 
245 1 0 |a International Technology Transfer in Times of Covid-19 Pandemic  |c Neha Jain 
520 |a Výzvy medzinárodného transferu technológií počas pandémie COVID-19 v rokoch 2020-2021. COVID-19 a jeho vplyv na svetovú ekonomiku. Úloha medzinárodného transferu technológií v boji proti pandémii COVID-19. Vzdanie sa duševného vlastníctva a riadený transfer technológií ako kľúč rýchlejšej globálnej reakcii v boji proti pandémii COVID-19. 
610 2 0 |a transfer technológie 
610 2 0 |a vlastníctvo duševné 
610 2 0 |a koronavírus 
100 1 |a Jain, Neha, 1985-